000 01215nam a2200313 i 4500
003 EG-GICUC
005 20260121101532.0
008 251223s1980 ua ||||fr|||| 00| 0 ara d
040 _a EG-GICUC
_bara
_c EG-GICUC
_d EG-GICUC
_erda
041 0 _aara
082 0 4 _221
_a345.25
_bص ب . ا
092 0 4 _221
099 _aLaw1 07 345.25 ص ب . ا 1980
100 0 _aصبحی محرم
_eمؤلف.
245 1 0 _aاتجاهات معاصرة في :
_bنظام الحكم المحلي /
_cصبحی محرم، محمد فتح الله الخطيب.
264 1 _aالقاهرة :
_bدار النهضة العربية،
_c1980.
300 _a259 ؛صفحة
_c24 سم.
336 _2rda content
_atext
337 _2rda media
_aComputer
338 _2rda carrier
_aOnline Resource
504 _a.259 ببليوجرافيا: صفحات
546 _aالنص أغلبه باللغة العربية مع بعض النصوص الإنجليزية
650 1 4 _aالحكم المحلي
650 1 4 _aالقانون الإداري
700 _aمحمد فتح الله الخطيب
_eمؤلف مشارك.
856 4 0 _uhttps://fll.law.cu.edu.eg/fulltext/bks/B07-01288.pdf
905 _a32
942 _2ddc
_cBK
_e21
_n0
999 _c52185
_d52185